[Event "Eastern Asia-ch U14"]
[Site "Tornelo INT"]
[Date "2021.10.30"]
[Round "4"]
[White "Alisherov, Alikhan"]
[Black "Rohan, Dash"]
[Result "1/2-1/2"]
[WhiteElo "1343"]
[BlackElo "1128"]
[PlyCount "159"]
[EventDate "2021.10.29"]
[EventType "swiss"]
[EventRounds "9"]
[EventCountry "NET"]
[SourceTitle "EXT 2023"]
[Source "ChessBase"]
[SourceDate "2022.10.05"]
[SourceVersion "1"]
[SourceVersionDate "2022.10.05"]
[SourceQuality "1"]

1. d4 d5 2. c4 e6 3. cxd5 exd5 4. Nc3 Nf6 5. Bg5 Be7 6. Bxf6 Bxf6 7. e3 c6 8. Bd3 Nd7 9. Qc2 g6 10. Nf3 Bg7 11. 0-0 0-0 12. b4 f5 13. b5 Nf6 14. bxc6 bxc6 15. Na4 Qa5 16. Ne5 Bb7 17. Nc5 Bc8 18. Nxc6 Qc7 19. Ne5 Ne4 20. Nxe4 Qxc2 21. Bxc2 dxe4 22. Bb3+ Kh8 23. Nf7+ Kg8 24. Nd6+ Kh8 25. Nxc8 Raxc8 26. Rac1 Rxc1 27. Rxc1 h6 28. Rc7 f4 29. exf4 Rxf4 30. Rd7 Rf8 31. g3 a5 32. Rf7 Rxf7 33. Bxf7 Bxd4 34. Bxg6 e3 35. fxe3 Bxe3+ 36. Kg2 Kg7 37. Bd3 Kf6 38. Kf3 Bd2 39. Ke4 Kg5 40. Be2 Be1 41. a4 h5 42. h4+ Kg6 43. Kf4 Bf2 44. Bb5 Be1 45. Be8+ Kh6 46. Bf7 Bf2 47. Kf3 Be1 48. Kg2 Bb4 49. Kh3 Be1 50. Kg2 Bb4 51. Kf3 Be1 52. Bd5 Kg6 53. Be4+ Kh6 54. Kf4 Bf2 55. Bf3 Be1 56. g4 Bxh4 57. gxh5 Be1 58. Ke5 Bc3+ 59. Kd5 Bb4 60. Kc4 Be1 61. Kd5 Bb4 62. Ke4 Be1 63. Kf4 Bb4 64. Ke4 Be1 65. Be2 Bb4 66. Kd3 Be1 67. Kc4 Bb4 68. Kb5 Be1 69. Ka6 Bb4 70. Kb6 Bc3 71. Kb5 Bb4 72. Ka6 Bc3 73. Kb6 Bb4 74. Kb5 Bc3 75. Ka6 Bb4 76. Kb6 Bc3 77. Kb5 Bb4 78. Ka6 Bc3 79. Kb6 Bb4 80. Kb5 1/2-1/2